A analysis of the core cognitive curriculum in early intervention programs (Record no. 62445)

MARC details
000 -CABECERA
campo de control de longitud fija 00718nam a2200241 a 4500
005 - FECHA Y HORA DE LA ÚLTIMA TRANSACCIÓN
campo de control 20210219152851.0
008 - ELEMENTOS DE LONGITUD FIJA--INFORMACIÓN GENERAL
campo de control de longitud fija 991125n 000 0 eng u
035 ## - NÚMERO DE CONTROL DEL SISTEMA
Número de control de sistema UPN01000064145
100 ## - ASIENTO PRINCIPAL--NOMBRE PERSONAL
Nombre de persona Goodman, Joan F.
222 ## - TÍTULO CLAVE
Título clave EARLY EDUCATION AND DEVELOPMENT
245 ## - MENCIÓN DE TÍTULO
Título A analysis of the core cognitive curriculum in early intervention programs
300 ## - DESCRIPCIÓN FÍSICA
Extensión 193-203
362 ## - FECHAS DE PUBLICACIÓN Y/O DESIGNACIÓN SECUENCIAL
Fecha de publicación y/o designación secuencial |993 4, No. 3
505 ## - NOTA DE CONTENIDO CON FORMATO PREESTABLECIDO
Nota de contenido con formato Noviembre 1993
653 0# - TERMINO DE INDIZACION - NO CONTROLADO
Término no controlado CURRICULUM CENTRADO
653 0# - TERMINO DE INDIZACION - NO CONTROLADO
Término no controlado EDUCACION PREESCOLAR
653 0# - TERMINO DE INDIZACION - NO CONTROLADO
Término no controlado INCAPACIDAD DE DESARROLLO
653 0# - TERMINO DE INDIZACION - NO CONTROLADO
Término no controlado INTERVENCION TEMPRANA
653 0# - TERMINO DE INDIZACION - NO CONTROLADO
Término no controlado PROGRAMAS EDUCATIVOS INDIVIDUALIZADOS
700 ## - ASIENTO SECUNDARIO--NOMBRE DE PERSONAL
Nombre de persona Pollak, Elizabeth
904 ## - ELEMENTOS DE DATOS D LOCAL, LDD (RLIN)
a AC
b 001956
905 ## - TIPO DE MATERIAL
Tipo de material Articulo

No items available.